[Event "Hastings7172"]
[Site "Hastings"]
[Date "1971.??.??"]
[Round "8"]
[White "Byrne, Robert E"]
[Black "Botterill, George Steven"]
[Result "0-1"]
[WhiteElo "2510"]
[BlackElo "2410"]

1.e4 g6 2.d4 Bg7 3.c3 d6 4.f4 Nf6 5.e5 dxe5 6.fxe5 Nd5 7.Nf3 O-O 8.Bc4 c5
9.dxc5 Be6 10.Na3 Nc6 11.Qe2 Bg4 12.Bg5 h6 13.Rd1 hxg5 14.Bxd5 Qa5 15.Qe3 Bxf3
16.gxf3 Nxe5 17.Bxb7 Rab8 18.c6 g4 19.fxg4 Nxg4 20.Qe2 Qh5 21.Nc4 Qh4+ 22.Kf1 f5
23.Kg2 f4 24.Rd3 Ne3+ 25.Rxe3 fxe3 26.Nxe3 Qe4+ 27.Kg1 Kh7 28.Qe1 Rf3 29.c7 Rxb7
30.c8=Q Rxe3 31.Qh3+ Bh6 32.Qeh4 Re1+ 33.Kf2 Rxb2+  0-1

[Event "Hastings7172"]
[Site "Hastings"]
[Date "1971.??.??"]
[Round "8"]
[White "Markland, Peter R"]
[Black "Ciocaltea, Victor"]
[Result "1/2-1/2"]
[WhiteElo "2510"]
[BlackElo "2460"]

1.c4 Nf6 2.g3 g6 3.Bg2 Bg7 4.Nc3 O-O 5.e4 c5 6.Nge2 Nc6 7.O-O d6 8.Rb1 Ne8
9.a3 Nc7 10.b4 Ne6 11.d3 Ned4 12.h3 Rb8 13.Be3 Bd7 14.b5 Nxe2+ 15.Nxe2 Nd4
16.Nxd4 cxd4 17.Bd2 a5 18.Qe2 b6 19.Kh2 e5 20.Rbe1 Qe7 21.a4 Rbe8 22.f4 exf4
23.Bxf4 Be5 24.Qd2 f6 25.Qd1  1/2-1/2

[Event "Hastings7172"]
[Site "Hastings"]
[Date "1971.??.??"]
[Round "8"]
[White "Pfleger, Helmut"]
[Black "Hartston, William R"]
[Result "1/2-1/2"]
[WhiteElo "2515"]
[BlackElo "2390"]

1.Nf3 Nf6 2.g3 g6 3.Bg2 Bg7 4.O-O O-O 5.d4 d5 6.Nbd2 c6 7.c3 Nbd7 8.Re1 Re8
9.e4 Nxe4 10.Nxe4 dxe4 11.Rxe4 Nf6 12.Re1 Bg4 13.h3 Bxf3 14.Qxf3 e6 15.Bg5 h6
16.Bf4 Nd5 17.Bd2 Nb6 18.Bf4 Qd7 19.Be5 Rad8 20.Bxg7 Kxg7 21.Re2 Qd6 22.h4 h5
23.Qe3 Nd5 24.Qg5 Qe7 25.Qd2 Nf6 26.Qf4 Nd5 27.Qe5+ Qf6 28.Qe4 Rd7 29.Rae1 Qd8
30.Bf3 Qc7 31.Kg2 Nf6 32.Qe3 Nd5 33.Qg5 Qd8 34.Qc1 Nf6 35.b3 Qa5 36.b4 Qc7
37.Re5 Red8 38.a4 a6 39.Qg5 Nh7 40.Qf4 Nf6 41.Rb1 Nd5 42.Qc1 Rh8 43.a5 Nf6
44.Rb2 Qd8 45.Rd2 Qc7 46.Rd1 Rhd8 47.Qb2 Rd6 48.Ree1 Qd7 49.Qc1 Qc7 50.Re2 Qd7
51.Rde1 Qe7 52.Qg5 R6d7 53.Rh1 Nh7 54.Qe3 Nf6 55.Rd1 Qd6 56.Kf1 Qe7 57.Rc1 Nd5
58.Qe4  1/2-1/2

[Event "Hastings7172"]
[Site "Hastings"]
[Date "1971.??.??"]
[Round "8"]
[White "Kortschnoj, Viktor"]
[Black "Mecking, Henrique"]
[Result "1/2-1/2"]
[WhiteElo "2670"]
[BlackElo "2540"]

1.c4 Nf6 2.Nc3 e6 3.Nf3 d5 4.d4 c5 5.cxd5 Nxd5 6.e4 Nxc3 7.bxc3 cxd4 8.cxd4 Bb4+
9.Bd2 Bxd2+ 10.Qxd2 O-O 11.Bc4 b6 12.d5 Ba6 13.Bxa6 Nxa6 14.d6 Nc5 15.e5 f6
16.O-O Rf7 17.Rad1 Rc8 18.Qe3 Rd7 19.exf6 gxf6 20.Nd4 Qe8 21.Rfe1 Qf7 22.h4 Re8
23.Rd2 Kh8 24.Nc6 Qg7 25.Ne7 Red8 26.Red1 Qf7 27.Rd4 e5 28.R4d2 Qe6 29.Qf3 e4
30.Qf5 Qxf5 31.Nxf5 Kg8 32.g4 Kf7 33.h5 Ke6 34.Rd4 Rg8 35.f3 Rgd8 36.Kg2 exf3+
37.Kxf3 Nb7 38.Re1+ Kf7 39.Red1 Ke6 40.Re1+ Kf7 41.Rde4 Nxd6 42.Re7+ Kf8
43.Rxd7  1/2-1/2

[Event "Hastings7172"]
[Site "Hastings"]
[Date "1971.??.??"]
[Round "9"]
[White "Mecking, Henrique"]
[Black "Markland, Peter R"]
[Result "1-0"]
[WhiteElo "2540"]
[BlackElo "2510"]

1.e4 e6 2.d4 d5 3.Nc3 Bb4 4.e5 c5 5.a3 Bxc3+ 6.bxc3 Qc7 7.Nf3 Ne7 8.a4 b6
9.Bb5+ Bd7 10.Bd3 Nbc6 11.O-O h6 12.Re1 Na5 13.Qd2 O-O 14.Qf4 f5 15.exf6 Qxf4
16.Bxf4 Rxf6 17.Be5 Rf7 18.dxc5 bxc5 19.Bc7 Nac6 20.c4 Rxf3 21.gxf3 Nd4 22.Kg2 dxc4
23.Be4 Rc8 24.Be5 Nef5 25.Bxd4 cxd4 26.Bxf5 exf5 27.Red1 d3 28.cxd3 cxd3
29.Rxd3 Rc7 30.a5 a6 31.Re1 Kf7 32.Rd6 Bb5 33.Re5 Rc1 34.Rxf5+ Kg8 35.Rd8+ Kh7
36.h4 Ra1 37.h5  1-0

[Event "Hastings7172"]
[Site "Hastings"]
[Date "1971.??.??"]
[Round "9"]
[White "Ciocaltea, Victor"]
[Black "Pfleger, Helmut"]
[Result "1/2-1/2"]
[WhiteElo "2460"]
[BlackElo "2515"]

1.e4 e5 2.Nf3 Nc6 3.Bb5 a6 4.Ba4 Nf6 5.O-O Be7 6.Re1 b5 7.Bb3 d6 8.c3 O-O
9.h3 h6 10.d3 Na5 11.Bc2 c5 12.Nbd2 Nc6 13.Nf1 Re8 14.d4 Bf8 15.d5 Ne7 16.a4 Bd7
17.axb5 axb5 18.Be3 Ng6 19.Qd2 Nh5 20.Ng3 Nxg3 21.fxg3 Be7 22.Rf1 Qc7  1/2-1/2

[Event "Hastings7172"]
[Site "Hastings"]
[Date "1971.??.??"]
[Round "9"]
[White "Kurajica, Bojan"]
[Black "Unzicker, Wolfgang"]
[Result "1/2-1/2"]
[WhiteElo "2490"]
[BlackElo "2545"]

1.e4 e5 2.Nf3 Nc6 3.Bb5 a6 4.Ba4 Nf6 5.O-O Be7 6.Re1 b5 7.Bb3 d6 8.c3 O-O
9.h3 Nb8 10.d3 Bb7 11.Nbd2 Nbd7 12.Nf1 Nc5 13.Bc2 Re8 14.Ng3 Bf8 15.Nh2 d5
16.Qf3  1/2-1/2

[Event "Hastings7172"]
[Site "Hastings"]
[Date "1971.??.??"]
[Round "9"]
[White "Hartston, William R"]
[Black "Byrne, Robert E"]
[Result "1/2-1/2"]
[WhiteElo "2390"]
[BlackElo "2510"]

1.e4 c5 2.Nf3 Nc6 3.d4 cxd4 4.Nxd4 Nf6 5.Nc3 d6 6.Bc4 Qb6 7.Nb3 e6 8.O-O a6
9.Be3 Qc7 10.Bd3 b5 11.f4 Bb7 12.Qf3 Be7 13.Qh3 Nb4 14.Nd4 O-O 15.a3 Nxd3
16.cxd3 Rfe8 17.g4 Bf8 18.g5 Nd7 19.f5 exf5 20.Nxf5 Ne5 21.Bd4 Rad8 22.Rac1 Qb8
23.Rf4 Ng6 24.Rf2 d5 25.Nxg7 Bxg7 26.Bxg7 Kxg7 27.Rxf7+ Kxf7 28.Qxh7+ Ke6
29.Qxg6+ Kd7 30.Qf5+ Ke7 31.Qf6+ Kd7 32.Qf5+ Ke7 33.Qf6+  1/2-1/2

[Event "Hastings7172"]
[Site "Hastings"]
[Date "1971.??.??"]
[Round "9"]
[White "Keene, Raymond D"]
[Black "Kortschnoj, Viktor"]
[Result "1/2-1/2"]
[WhiteElo "2465"]
[BlackElo "2670"]

1.Nf3 c5 2.b3 Nf6 3.Bb2 e6 4.c4 Nc6 5.e3 d5 6.cxd5 exd5 7.Be2 Bd6 8.O-O O-O
9.d4 Qe7 10.dxc5 Bxc5 11.Nc3 Rd8 12.Nb5 Ne4 13.Rc1 a6 14.Nbd4 Rd6 15.Nxc6 bxc6
16.Rxc5 Nxc5 17.Ba3 Ne6 18.Nd4 Qd8 19.Bxd6 Qxd6 20.Qd2 Nxd4 21.exd4 a5 22.Rc1 Bd7
23.Rc5 Qc7 24.a3 h6 25.g3 Bh3 26.Bf1 Bxf1 27.Kxf1 Qb6 28.Qc3 Rb8 29.Rxc6 Qxb3
30.Rc8+ Kh7 31.Qxb3 Rxb3 32.Rc5 Rxa3 33.Rxd5 Kg6 34.Kg2 Kf6 35.Re5 a4 36.Ra5 Ke6
37.h4 Ra1 38.Kf3 a3 39.Ke4 Kd6 40.Ra6+ Kc7 41.Kd5 h5 42.f4 a2 43.Ra3 f6 44.Ra6 f5
45.Ra3 g6 46.Ra6 Kb7 47.Ra3 Kb6 48.Kd6 Kb5 49.d5 Kc4 50.Ra8 Kd3 51.Ra3+ Kd4
52.Ra4+ Ke3 53.Ke5 Kf2 54.Kf6 Kxg3 55.d6 Kxh4 56.d7 Rd1 57.Ke7  1/2-1/2

[Event "Hastings7172"]
[Site "Hastings"]
[Date "1971.??.??"]
[Round "10"]
[White "Markland, Peter R"]
[Black "Keene, Raymond D"]
[Result "1/2-1/2"]
[WhiteElo "2510"]
[BlackElo "2465"]

1.c4 Nf6 2.g3 c6 3.Nf3 d5 4.b3 Bg4 5.Bg2 e6 6.O-O Nbd7 7.Bb2 Bd6 8.d4 O-O
9.Nbd2 Qb8 10.Re1 a5 11.e4 Bb4 12.exd5 exd5 13.a3 Bxd2 14.Qxd2 a4 15.Ne5 Be6
16.b4 Nb6 17.c5 Nc4 18.Nxc4 dxc4 19.d5 Nxd5 20.Bxd5 Bxd5 21.Bxg7 Kxg7 22.Qg5+ Kh8
23.Qf6+ Kg8 24.Re5 Re8 25.Rg5+ Kf8 26.Qg7+ Ke7 27.Re1+ Kd7 28.Rxd5+ cxd5
29.Qxf7+ Kc6 30.Qf6+ Kd7  1/2-1/2

[Event "Hastings7172"]
[Site "Hastings"]
[Date "1971.??.??"]
[Round "10"]
[White "Botterill, George Steven"]
[Black "Hartston, William R"]
[Result "1/2-1/2"]
[WhiteElo "2410"]
[BlackElo "2390"]

1.d4 Nf6 2.c4 c5 3.d5 e5 4.Nc3 d6 5.e4 Nbd7 6.Bd3 Be7 7.a3 a6 8.Nf3 O-O 9.h3 Ne8
10.g4 Nc7 11.Be3 b5 12.b3 Re8 13.Qd2 Rb8 14.Kf1 Nf8 15.Ne2 Ng6 16.Ng3 Nh4
17.Nxh4 Bxh4 18.Kg2 h6 19.b4 bxc4 20.Bxc4 cxb4 21.axb4 Bg5 22.Rhb1 g6 23.Bd3 Nb5
24.Bxb5 Rxb5 25.Ra5 Rb8 26.Bxg5 Qxg5 27.Qxg5 hxg5 28.Nf1 Kf8 29.Ne3 Ke7 30.Rc1 Rxb4
31.Rc7+ Bd7 32.Rxa6 Rc8 33.Rxc8 Bxc8 34.Ra7+ Bd7  1/2-1/2

[Event "Hastings7172"]
[Site "Hastings"]
[Date "1971.??.??"]
[Round "10"]
[White "Byrne, Robert E"]
[Black "Ciocaltea, Victor"]
[Result "1-0"]
[WhiteElo "2510"]
[BlackElo "2460"]

1.e4 c5 2.Nf3 d6 3.d4 cxd4 4.Nxd4 Nf6 5.Nc3 g6 6.Be3 Bg7 7.f3 O-O 8.Qd2 Nc6
9.Bc4 Bd7 10.Bb3 Rc8 11.O-O-O Ne5 12.h4 Nc4 13.Bxc4 Rxc4 14.g4 b5 15.h5 b4
16.Nd5 Nxd5 17.exd5 Qa5 18.Kb1 Rfc8 19.hxg6 fxg6 20.Qh2 h6 21.Rd2 Qxd5 22.Nf5 Qe6
23.Bxh6 gxf5 24.Bxg7 Kxg7 25.Re2 Qf6 26.g5 Qxg5 27.Rg2 Rg4 28.fxg4 Bc6 29.Qh7+ Kf8
30.Rh5 Qe3 31.Qxf5+  1-0

[Event "Hastings7172"]
[Site "Hastings"]
[Date "1971.??.??"]
[Round "11"]
[White "Unzicker, Wolfgang"]
[Black "Karpov, Anatoly"]
[Result "1/2-1/2"]
[WhiteElo "2545"]
[BlackElo "2540"]

1.e4 e5 2.Nf3 Nc6 3.Bb5 a6 4.Ba4 Nf6 5.O-O Be7 6.Re1 b5 7.Bb3 d6 8.c3 O-O
9.h3 Nb8 10.d4 Nbd7 11.Nbd2 Bb7 12.Bc2 Re8 13.Nf1 Bf8 14.Ng3 g6 15.Bd2 Bg7
16.Qc1 c5 17.Bh6 Qe7 18.Bxg7 Kxg7 19.Qd2 Nb6 20.Rad1 Rac8 21.Bb1 Nc4 22.Qc1 Nd7
23.b3  1/2-1/2

[Event "Hastings7172"]
[Site "Hastings"]
[Date "1971.??.??"]
[Round "11"]
[White "Gligoric, Svetozar"]
[Black "Kortschnoj, Viktor"]
[Result "1/2-1/2"]
[WhiteElo "2600"]
[BlackElo "2670"]

1.d4 Nf6 2.c4 e6 3.Nc3 Bb4 4.e3 c5 5.Ne2 cxd4 6.exd4 d5 7.a3 Be7 8.Nf4 Nc6
9.cxd5 Nxd5 10.Ncxd5 exd5 11.Be2 O-O 12.O-O Qd6 13.Bf3 Bf6 14.Nxd5 Bxd4 15.Bf4  1/2-1/2

[Event "Hastings7172"]
[Site "Hastings"]
[Date "1971.??.??"]
[Round "11"]
[White "Franklin, Michael J"]
[Black "Markland, Peter R"]
[Result "0-1"]
[WhiteElo "2345"]
[BlackElo "2510"]

1.d4 e6 2.Nf3 Nf6 3.e3 b6 4.Nbd2 Bb7 5.Bd3 d5 6.Qe2 Be7 7.e4 dxe4 8.Nxe4 Nbd7
9.O-O O-O 10.Re1 Nxe4 11.Bxe4 Bxe4 12.Qxe4 Nf6 13.Qb7 Qc8 14.Qc6 Rd8 15.c3 a6
16.Bf4 Nd5 17.Bg3 b5 18.a4 Rb8 19.a5 Bd6 20.Bh4 Qd7 21.Qxd7 Rxd7 22.Ne5 Bxe5
23.dxe5 c5 24.Re4 c4 25.f3 Kf8 26.Rd1 Ke8 27.Rg4 g6 28.Rgd4 h6 29.Be1 Rbd8
30.Bd2 g5 31.Bc1 Ne7 32.Rxd7 Rxd7 33.Rxd7 Kxd7 34.h4 gxh4 35.Bxh6 Kc6 36.Kf2 Kd5
37.Bg5 Ng6 38.Ke3 Kxe5 39.Bd8 f5 40.Bc7+ Kd5 41.f4 Kc6 42.Bd8 Kd6 43.Bf6 Ne7
44.Bd4 Nd5+ 45.Kf3 Kc6 46.Bf2 b4 47.cxb4 Kb5 48.Be1 Nxb4 49.Bxh4 Kxa5 50.g4 fxg4+
51.Kxg4 Ka4 52.f5 exf5+ 53.Kxf5 Kb3 54.Ke4 a5 55.Bf6 a4 56.Bg7 Nd3 57.Ke3 Nxb2
58.Kd2 a3 59.Kc1 c3  0-1

[Event "Hastings7172"]
[Site "Hastings"]
[Date "1971.??.??"]
[Round "11"]
[White "Mecking, Henrique"]
[Black "Byrne, Robert E"]
[Result "1/2-1/2"]
[WhiteElo "2540"]
[BlackElo "2510"]

1.e4 c5 2.Nf3 Nc6 3.d4 cxd4 4.Nxd4 Nf6 5.Nc3 d6 6.Bg5 e6 7.Qd2 a6 8.O-O-O h6
9.Bf4 Bd7 10.Bxd6 Bxd6 11.Nxc6 Bxc6 12.Qxd6 Qxd6 13.Rxd6 Bxe4 14.Rd2 Bc6  1/2-1/2

[Event "Hastings7172"]
[Site "Hastings"]
[Date "1971.??.??"]
[Round "12"]
[White "Markland, Peter R"]
[Black "Gligoric, Svetozar"]
[Result "0-1"]
[WhiteElo "2510"]
[BlackElo "2600"]

1.c4 Nf6 2.g3 e6 3.Nf3 d5 4.b3 c5 5.Bg2 Nc6 6.O-O Be7 7.cxd5 exd5 8.Bb2 O-O
9.d4 Re8 10.dxc5 Bxc5 11.Ba3 Bb6 12.Nc3 Bg4 13.Na4 Ne4 14.Bb2 Qd7 15.Nxb6 axb6
16.a3 Bh3 17.b4 Bxg2 18.Kxg2 Re6 19.Qd3 Rh6 20.h4 Re8 21.Rad1 Rh5 22.Rh1 h6
23.Ba1 Qg4 24.Qe3 Nd6 25.Qd3 Nc4 26.b5 Ne7 27.Qd4 Qg6 28.Qd3 Nf5 29.Rh3 Re4
30.a4 Qe6 31.Rhh1 Rxe2 32.Rhe1 Nfe3+  0-1

[Event "Hastings7172"]
[Site "Hastings"]
[Date "1971.??.??"]
[Round "12"]
[White "Botterill, George Steven"]
[Black "Mecking, Henrique"]
[Result "0-1"]
[WhiteElo "2410"]
[BlackElo "2540"]

1.e4 c5 2.Nf3 d6 3.d4 cxd4 4.Nxd4 Nf6 5.Nc3 a6 6.Bg5 e6 7.f4 Be7 8.Qf3 Qc7
9.O-O-O Nbd7 10.g4 b5 11.Bxf6 Nxf6 12.a3 Rb8 13.f5 e5 14.Nde2 Bb7 15.Ng3 Ba8
16.g5 Nd7 17.f6 gxf6 18.Nh5 Rg8 19.gxf6 Bf8 20.Bh3 b4 21.axb4 Rxb4 22.Rhg1 Rg6
23.Rxg6 hxg6 24.Ng7+ Kd8 25.Be6 Nc5 26.Bd5 Qa7 27.Qh3 Bxd5 28.Nxd5 Ra4 29.Kb1 Nd7
30.Qh8 Qc5 31.Nc3 Rb4 32.Na2 Rd4 33.Rxd4 Qxd4 34.Qg8 Qc4 35.b3 Qf1+ 36.Kb2 Qxf6
37.Qh8 Qxg7 38.Qh4+ Qf6 39.Qe1 Qf4 40.Qa5+ Ke7 41.Nb4 Qxe4  0-1

[Event "Hastings7172"]
[Site "Hastings"]
[Date "1971.??.??"]
[Round "12"]
[White "Pfleger, Helmut"]
[Black "Franklin, Michael J"]
[Result "1-0"]
[WhiteElo "2515"]
[BlackElo "2345"]

1.c4 Nf6 2.Nc3 e6 3.Nf3 b6 4.g3 Bb7 5.Bg2 Be7 6.O-O O-O 7.d4 Ne4 8.Qc2 Nxc3
9.bxc3 f5 10.d5 c5 11.Rd1 Qc8 12.a4 d6 13.e4 exd5 14.cxd5 fxe4 15.Qxe4 Bf6
16.Ng5 Bxg5 17.Bxg5 Re8 18.Qh4 Nd7 19.Bh3 Qc7 20.Bf5 g6 21.Bh3 Ne5 22.Bg2 Bc8
23.h3 Ba6 24.Re1 Nd3 25.Re6 Qf7 26.f4 Bc8 27.Rxd6 Bf5 28.Rf1 Ne1 29.Bh1 Bd3
30.f5 gxf5 31.Rf2 Nc2 32.Bh6 Re1+ 33.Kh2 Rae8 34.Rd8 Rxd8 35.Qxd8+ Re8 36.Qg5+ Kh8
37.d6 Ne3 38.d7 Qxd7 39.Bc6  1-0

[Event "Hastings7172"]
[Site "Hastings"]
[Date "1971.??.??"]
[Round "13"]
[White "Karpov, Anatoly"]
[Black "Najdorf, Miguel"]
[Result "1/2-1/2"]
[WhiteElo "2540"]
[BlackElo "2530"]

1.e4 c5 2.Nf3 d6 3.d4 cxd4 4.Nxd4 Nf6 5.Nc3 a6 6.Be2 e5 7.Nb3 Be7 8.O-O O-O
9.Bg5 Be6 10.f4 exf4 11.Bxf4 Nc6 12.Kh1 d5 13.e5 Ne4 14.Nxe4 dxe4 15.Nd2 Bg5
16.Nxe4  1/2-1/2

[Event "Hastings7172"]
[Site "Hastings"]
[Date "1971.??.??"]
[Round "13"]
[White "Keene, Raymond D"]
[Black "Botterill, George Steven"]
[Result "1/2-1/2"]
[WhiteElo "2465"]
[BlackElo "2410"]

1.Nf3 e6 2.b3 Nf6 3.Bb2 d5 4.e3 Bd6 5.d4 O-O 6.Bd3 b6 7.O-O Bb7 8.c4 c5 9.Nbd2 Nc6
10.Qe2 cxd4 11.exd4 Rc8 12.Rad1 Re8 13.Ne5 Bf8 14.Ndf3 Rc7 15.Bb1 Ba6 16.Nxc6 Rxc6
17.Ne5 Rc7 18.Bc1 dxc4 19.bxc4 Nd5 20.Qf3 Nf6  1/2-1/2

[Event "Hastings7172"]
[Site "Hastings"]
[Date "1971.??.??"]
[Round "13"]
[White "Unzicker, Wolfgang"]
[Black "Kortschnoj, Viktor"]
[Result "0-1"]
[WhiteElo "2545"]
[BlackElo "2670"]

1.e4 c5 2.Nf3 d6 3.d4 cxd4 4.Nxd4 Nf6 5.Nc3 a6 6.Be2 e6 7.O-O Be7 8.f4 O-O
9.Be3 Qc7 10.Qe1 b5 11.Bf3 Bb7 12.e5 dxe5 13.fxe5 Nfd7 14.Bxb7 Qxb7 15.Qg3 Bc5
16.Rad1 Nc6 17.Nxc6 Qxc6 18.Kh1 Bxe3 19.Qxe3 Qc7 20.Rfe1 b4 21.Ne4 Nxe5 22.Qg3 f6
23.Nxf6+ Rxf6 24.Rxe5 Raf8 25.h3 Qxc2 26.Qe1 Rf2 27.Rg5 Kh8 28.b3 Re2 29.Qg1 Qc3
30.Ra5 Qc6 31.Rc1 Qb7 32.Re1 Rc2 33.Rxe6 h6 34.Rae5 Rff2 35.Re4 Qd5 36.Kh2 Qd2
37.Rg6 Rc1 38.Rd4 Qe3 39.Rd1 Qf4+ 40.Rg3 Rc3 41.Rd8+ Kh7 42.Qb1+ Rfc2  0-1

[Event "Hastings7172"]
[Site "Hastings"]
[Date "1971.??.??"]
[Round "13"]
[White "Franklin, Michael J"]
[Black "Byrne, Robert E"]
[Result "0-1"]
[WhiteElo "2345"]
[BlackElo "2510"]

1.d4 Nf6 2.Nf3 g6 3.Bf4 Bg7 4.e3 d6 5.Nbd2 O-O 6.Bc4 Nc6 7.c3 Qe8 8.e4 e5
9.dxe5 dxe5 10.Be3 b6 11.h3 Bb7 12.Qc2 Rd8 13.b4 Nh5 14.O-O Nf4 15.Rfe1 Bc8
16.a4 Qe7 17.a5 Qf6 18.Bf1 g5 19.axb6 axb6 20.b5 Na5 21.Nh2 h5 22.Ra4 Rfe8
23.Nc4 Nxc4 24.Rxc4 Ne6 25.Qc1 Bf8 26.Nf3 Be7 27.Ra4 g4 28.hxg4 hxg4 29.Nh2 Qg6
30.Ra7 Bd6 31.Bc4 Kg7 32.Bxe6 Bxe6 33.c4 Rh8 34.Nf1 Qh5 35.Ng3 Qh2+ 36.Kf1 Bb4
37.Rxc7 Bxe1 38.Qxe1 Rd3 39.Bg5 Kg6 40.Be7 Rd7  0-1

[Event "Hastings7172"]
[Site "Hastings"]
[Date "1971.??.??"]
[Round "13"]
[White "Kurajica, Bojan"]
[Black "Markland, Peter R"]
[Result "1-0"]
[WhiteElo "2490"]
[BlackElo "2510"]

1.e4 e6 2.d4 d5 3.Nd2 c5 4.exd5 exd5 5.Bb5+ Bd7 6.Qe2+ Qe7 7.Bxd7+ Nxd7 8.dxc5 Nxc5
9.Nb3 Qxe2+ 10.Nxe2 Nf6 11.Be3 Nxb3 12.axb3 a6 13.O-O-O O-O-O 14.Rd3 Be7
15.Rhd1 Ng4 16.Ba7 Bf6 17.h3 Ne5 18.Rxd5 Nc6 19.Be3 g6 20.Nf4 Nb4 21.Rc5+ Kb8
22.Nd5 Rxd5 23.Rcxd5 Nxd5 24.Rxd5 Rd8 25.Bf4+ Ka7 26.Rc5 Rd7 27.c3 b6 28.Rc6 Bd8
29.b4 Kb7 30.Rd6 Rxd6 31.Bxd6 Kc6 32.Bb8 Kd5 33.Kd2 Kc4 34.Kc2 f5 35.b3+ Kd5
36.Kd3 Be7 37.Bf4 Bh4 38.Be3 Bd8 39.Bd4 Bc7 40.Ke3 Kc6 41.g4 fxg4 42.hxg4 h5
43.gxh5 gxh5 44.f4 Kd5 45.c4+ Ke6 46.Ke4 h4 47.Bf2 h3 48.Bg3 Kf6 49.c5 bxc5
50.bxc5 Bb8 51.Bh2 Bc7 52.b4 Bb8 53.Bg3 Bc7 54.Bh2 Bb8 55.Kf3 Kf5 56.Bg3 Bc7
57.Bh2 Bb8 58.c6 Bc7 59.Kf2 a5 60.bxa5 Bxa5 61.Kg3 Ke6 62.Kxh3 Kd5 63.f5 Kxc6
64.Kg4 Bc3 65.Kg5 Kd7 66.Kg6 Ke8 67.Bf4 Bd4 68.Bh6 Ke7  1-0

[Event "Hastings7172"]
[Site "Hastings"]
[Date "1971.??.??"]
[Round "14"]
[White "Markland, Peter R"]
[Black "Unzicker, Wolfgang"]
[Result "1/2-1/2"]
[WhiteElo "2510"]
[BlackElo "2545"]

1.c4 Nf6 2.g3 e6 3.Nf3 d5 4.b3 c5 5.Bg2 Nc6 6.O-O Be7 7.cxd5 exd5 8.Bb2 O-O
9.d4 Re8 10.Nc3 Bg4 11.dxc5 Bxc5 12.Rc1 Bf8 13.Nb5 Rc8 14.Nbd4 Nxd4 15.Nxd4 Rxc1
16.Bxc1 Bc5 17.Be3 Qd7 18.Qd3 Bh3 19.Rc1 Bxg2 20.Kxg2 b6 21.Qf5 Qxf5 22.Nxf5 g6
23.Bxc5 bxc5 24.Nd6 Re6 25.e4  1/2-1/2

[Event "Hastings7172"]
[Site "Hastings"]
[Date "1971.??.??"]
[Round "14"]
[White "Hartston, William R"]
[Black "Keene, Raymond D"]
[Result "1/2-1/2"]
[WhiteElo "2390"]
[BlackElo "2465"]

1.e4 g6 2.Nc3 Bg7 3.g3 c5 4.Bg2 Nc6 5.d3 d6 6.Be3 Rb8 7.Qd2 b5 8.Nge2 b4
9.Nd1 Qb6 10.O-O a5 11.f4 f5 12.Bf2 Nf6 13.Ne3 O-O 14.e5 dxe5 15.Nc4 Qc7
16.Bxc5 Rd8 17.Kh1 Ba6 18.b3 Nd4 19.Bxd4 exd4 20.Ng1 Ng4 21.Rab1 Bxc4 22.bxc4 e5
23.fxe5 Bh6 24.Qe2 Qxe5 25.Qxe5 Nxe5 26.Bd5+ Kg7 27.Nf3 Nxf3 28.Bxf3 Rdc8
29.g4  1/2-1/2

[Event "Hastings7172"]
[Site "Hastings"]
[Date "1971.??.??"]
[Round "14"]
[White "Pfleger, Helmut"]
[Black "Kurajica, Bojan"]
[Result "1/2-1/2"]
[WhiteElo "2515"]
[BlackElo "2490"]

1.c4 e6 2.Nc3 d5 3.d4 Nf6 4.Nf3 Be7 5.Bg5 O-O 6.e3 h6 7.Bxf6 Bxf6 8.Qd2 c5
9.dxc5 dxc4 10.Bxc4 Nd7 11.Ne4 Be7 12.Rd1 Qc7 13.b4 a5 14.a3 axb4 15.axb4 b6
16.Nd6 Nf6 17.Nxc8 Rfxc8 18.O-O bxc5 19.b5 Ne4 20.Qc2 Nf6 21.g3 Nd7 22.Be2 Rab8
23.Nd2 Rd8 24.Rb1 Nf6 25.Rfc1 Nd5  1/2-1/2

[Event "Hastings7172"]
[Site "Hastings"]
[Date "1971.??.??"]
[Round "14"]
[White "Ciocaltea, Victor"]
[Black "Mecking, Henrique"]
[Result "1/2-1/2"]
[WhiteElo "2460"]
[BlackElo "2540"]

1.e4 c5 2.Nf3 d6 3.d4 cxd4 4.Nxd4 Nf6 5.Nc3 a6 6.f4 Qc7 7.Bd3 g6 8.a4 Bg7
9.Nf3 Nc6 10.O-O O-O 11.Qe1 Nb4 12.Qh4 Qc5+ 13.Kh1 Qh5 14.Qxh5 Nxh5 15.Bd2  1/2-1/2

[Event "Hastings7172"]
[Site "Hastings"]
[Date "1971.??.??"]
[Round "14"]
[White "Byrne, Robert E"]
[Black "Gligoric, Svetozar"]
[Result "1/2-1/2"]
[WhiteElo "2510"]
[BlackElo "2600"]

1.e4 e5 2.Nf3 Nc6 3.Bb5 a6 4.Ba4 Nf6 5.O-O Be7 6.Re1 b5 7.Bb3 d6 8.c3 O-O
9.h3 h6 10.d4 Re8 11.Nbd2 Bf8 12.Nf1 Bb7 13.Ng3 Na5 14.Bc2 Nc4 15.b3 Nb6
16.Bd2 c5 17.d5 g6 18.Qe2 a5 19.Bd3 b4 20.a3 bxc3 21.Bxc3 Bg7 22.Bb5 Re7
23.Qd2 a4 24.b4 Rc7 25.bxc5 Rxc5 26.Rab1 Qc8 27.Rec1 Nc4 28.Bxc4  1/2-1/2

[Event "Hastings7172"]
[Site "Hastings"]
[Date "1971.??.??"]
[Round "14"]
[White "Botterill, George Steven"]
[Black "Franklin, Michael J"]
[Result "1-0"]
[WhiteElo "2410"]
[BlackElo "2345"]

1.e4 c5 2.Nf3 a6 3.c3 d5 4.exd5 Qxd5 5.d4 e6 6.Be3 cxd4 7.cxd4 Nf6 8.Nc3 Qd8
9.Bd3 Nc6 10.O-O Nb4 11.Bb1 Be7 12.a3 Nbd5 13.Bg5 O-O 14.Qd3 g6 15.Ne5 Nd7
16.Bh6 Re8 17.Nxd5 exd5 18.Ba2 Nxe5 19.dxe5 Be6 20.Be3 Qc7 21.f4 Bc5 22.Rac1 Bxe3+
23.Qxe3 Qd7 24.Rcd1 Rad8 25.Rd4 Qe7 26.h3 f6 27.Rfd1 fxe5 28.Qxe5 Qc5 29.Kh2 Bf7
30.Qg5 Kg7 31.f5 Qd6+ 32.Kh1 Qe5 33.Rh4 Bg8 34.Rf1 Kh8 35.Qxg6 Re7 36.f6 Rf8
37.Qh6 Rff7 38.Rhf4 Rc7 39.Rf5 Qxb2 40.Bxd5 Qxa3 41.Rg5 Qf8 42.Bxf7 Rxf7
43.Qh4 b5  1-0

[Event "Hastings7172"]
[Site "Hastings"]
[Date "1971.??.??"]
[Round "15"]
[White "Najdorf, Miguel"]
[Black "Kortschnoj, Viktor"]
[Result "1/2-1/2"]
[WhiteElo "2530"]
[BlackElo "2670"]

1.d4 Nf6 2.Nf3 g6 3.c4 Bg7 4.Nc3 d5 5.e3 O-O 6.cxd5 Nxd5 7.Bc4 Nxc3 8.bxc3 c5
9.O-O Qc7 10.Qe2 Bg4 11.Ba3 Nd7 12.Rac1 Qa5 13.Bb2 Rac8 14.a3 cxd4 15.cxd4 Nb6
16.Bb3 Bd7 17.Rxc8 Rxc8 18.Rc1 Rxc1+ 19.Bxc1 e6 20.Qe1 Qxe1+ 21.Nxe1 Bb5  1/2-1/2

[Event "Hastings7172"]
[Site "Hastings"]
[Date "1971.??.??"]
[Round "15"]
[White "Unzicker, Wolfgang"]
[Black "Pfleger, Helmut"]
[Result "1/2-1/2"]
[WhiteElo "2545"]
[BlackElo "2515"]

1.e4 e5 2.Nf3 Nc6 3.Bb5 a6 4.Ba4 Nf6 5.O-O Be7 6.Re1 b5 7.Bb3 d6 8.c3 O-O
9.h3 Be6 10.d4 Bxb3 11.axb3 Re8 12.d5 Nb8 13.Nbd2 c6 14.dxc6 Qc7 15.b4 Qxc6
16.Nb3 Nbd7 17.Na5 Qc7 18.Bg5 Nb6 19.Qb3 Rad8 20.Rad1 h6 21.Bxf6 Bxf6 22.Nh2 h5
23.Nf1 Bg5 24.Qa2 g6 25.Nb3 Qb7 26.Ne3 Bxe3 27.Rxe3 Rd7 28.Ree1 Kg7 29.Ra1 Ra8
30.Qb1 Qc6 31.Qc2 Qc4 32.Nd2 Qe6 33.Ra5 Nc4 34.Nxc4 Qxc4 35.Rd1 d5 36.b3 Qc6
37.exd5 Rxd5 38.Rxd5 Qxd5 39.c4 Rc8  1/2-1/2

[Event "Hastings7172"]
[Site "Hastings"]
[Date "1971.??.??"]
[Round "15"]
[White "Franklin, Michael J"]
[Black "Hartston, William R"]
[Result "1/2-1/2"]
[WhiteElo "2345"]
[BlackElo "2390"]

1.d4 Nf6 2.Nf3 g6 3.Bf4 Bg7 4.e3 d6 5.Nbd2 O-O 6.Bc4 Nc6 7.h3 Qe8 8.Bh2 e5
9.dxe5 Nxe5 10.Nxe5 dxe5 11.O-O Qe7 12.c3 Kh8 13.a4 a5 14.Qb3 Nd7 15.Rfd1 f5
16.Bf1 Nb6 17.Kh1 Be6 18.Qb5 Bd7 19.Qb3 Be6 20.Qb5 Bd7 21.Qb3  1/2-1/2

[Event "Hastings7172"]
[Site "Hastings"]
[Date "1971.??.??"]
[Round "15"]
[White "Kurajica, Bojan"]
[Black "Byrne, Robert E"]
[Result "1/2-1/2"]
[WhiteElo "2490"]
[BlackElo "2510"]

1.e4 c5 2.Nf3 Nc6 3.d4 cxd4 4.Nxd4 Nf6 5.Nc3 d6 6.Bg5 e6 7.Qd2 a6 8.O-O-O h6
9.Bf4 Bd7 10.Nxc6 Bxc6 11.f3 d5 12.exd5 Nxd5 13.Be5 Qa5  1/2-1/2